戦国無双4-II プレイアブルキャラクター - Statistics

General Stats
  • This quiz has been taken 22 times
  • The average score is 28 of 56
Answer Stats
Answer % Correct
織田信長
100%
徳川家康
93%
豊臣秀吉
93%
武田信玄
86%
長宗我部元親
86%
毛利元就
86%
今川義元
79%
上杉謙信
79%
伊達政宗
79%
浅井長政
71%
黒田官兵衛
71%
真田幸村
71%
北条氏康
71%
明智光秀
64%
石田三成
64%
加藤清正
64%
柴田勝家
64%
島津義弘
64%
竹中半兵衛
64%
井伊直政
57%
上杉景勝
57%
直江兼続
57%
本多忠勝
57%
島津義久
50%
立花宗茂
50%
前田利家
50%
井伊直虎
43%
お市
43%
甲斐姫
43%
ガラシャ
43%
小早川隆景
43%
雑賀孫市
43%
真田信之
43%
濃姫
43%
服部半蔵
43%
福島正則
43%
森蘭丸
43%
島左近
36%
立花誾千代
36%
ねね
36%
早川殿
36%
松永久秀
36%
綾御前
29%
大谷吉継
29%
くのいち
29%
藤堂高虎
29%
石川五右衛門
21%
稲姫
21%
阿国
21%
片倉小十郎
21%
小少将
21%
前田慶次
21%
佐々木小次郎
14%
風魔小太郎
14%
宮本武蔵
14%
柳生宗矩
14%
No matching quizzes found
Score Distribution
Percent of People with Each Score
Percentile by Number Answered
Your Score History
You have not taken this quiz